<?xml version="1.0" encoding="UTF-8"?>
<record
    xmlns:xsi="http://www.w3.org/2001/XMLSchema-instance"
    xsi:schemaLocation="http://www.loc.gov/MARC21/slim http://www.loc.gov/standards/marcxml/schema/MARC21slim.xsd"
    xmlns="http://www.loc.gov/MARC21/slim">

  <leader>00757nam a22001577a 4500</leader>
  <controlfield tag="003">LRUA</controlfield>
  <controlfield tag="005">20191003152951.0</controlfield>
  <controlfield tag="008">191003b        xxu||||| |||| 00| 0 eng d</controlfield>
  <datafield tag="040" ind1=" " ind2=" ">
    <subfield code="c">RUA</subfield>
  </datafield>
  <datafield tag="082" ind1=" " ind2=" ">
    <subfield code="a">DAN ANS 2018 B.468.Or.1</subfield>
  </datafield>
  <datafield tag="100" ind1=" " ind2=" ">
    <subfield code="9">13941</subfield>
    <subfield code="a">DAN CHANTHEA, &#x178A;&#x1793; &#x1785;&#x17B6;&#x1793;&#x17CB;&#x1792;&#x17B6;</subfield>
  </datafield>
  <datafield tag="245" ind1=" " ind2=" ">
    <subfield code="a">&#x17A5;&#x1791;&#x17D2;&#x1792;&#x17B7;&#x1796;&#x179B;&#x1793;&#x17C3;&#x1780;&#x17B6;&#x179A;&#x1794;&#x1793;&#x17D2;&#x1790;&#x17C2;&#x1798; LYSINE &#x1793;&#x17C5;&#x1780;&#x17D2;&#x1793;&#x17BB;&#x1784;&#x1785;&#x17C6;&#x178E;&#x17B8;&#x179F;&#x1798;&#x17D2;&#x179A;&#x17C1;&#x1785;&#x179B;&#x17BE;&#x1780;&#x17B6;&#x179A;&#x179B;&#x17BC;&#x178F;&#x179B;&#x17B6;&#x179F;&#x17CB;&#x179A;&#x1794;&#x179F;&#x17CB;&#x1787;&#x17D2;&#x179A;&#x17BC;&#x1780;&#x179F;&#x17B6;&#x1785;&#x17CB;&#x1796;&#x17B8;&#x1791;&#x1798;&#x17D2;&#x1784;&#x1793;&#x17CB; &#x17E2;&#x17E5;-&#x17E6;&#x17E0;&#x1782;&#x17B8;&#x17A1;&#x17BC;&#x1780;&#x17D2;&#x179A;&#x17B6;&#x1798;, Effect of lysine supplementation to concentrated feed on growth perfprmmance of fattening pigs (25-60kg).</subfield>
  </datafield>
  <datafield tag="260" ind1=" " ind2=" ">
    <subfield code="a">RUA</subfield>
    <subfield code="b">PHNOM PENH</subfield>
    <subfield code="c">2018</subfield>
  </datafield>
  <datafield tag="300" ind1=" " ind2=" ">
    <subfield code="a">viii; 35p.</subfield>
    <subfield code="b">ill,</subfield>
    <subfield code="c">29cm,</subfield>
  </datafield>
  <datafield tag="942" ind1=" " ind2=" ">
    <subfield code="2">ddc</subfield>
    <subfield code="c">ANS</subfield>
  </datafield>
  <datafield tag="999" ind1=" " ind2=" ">
    <subfield code="c">18265</subfield>
    <subfield code="d">18265</subfield>
  </datafield>
  <datafield tag="952" ind1=" " ind2=" ">
    <subfield code="0">0</subfield>
    <subfield code="1">0</subfield>
    <subfield code="2">ddc</subfield>
    <subfield code="4">0</subfield>
    <subfield code="6">DAN_ANS_2018_000000000000000_B_468_OR_1</subfield>
    <subfield code="7">0</subfield>
    <subfield code="9">81884</subfield>
    <subfield code="a">LBA</subfield>
    <subfield code="b">LBA</subfield>
    <subfield code="d">2019-10-03</subfield>
    <subfield code="o">DAN ANS 2018 B.468.Or.1</subfield>
    <subfield code="p">A44426</subfield>
    <subfield code="r">2019-10-03</subfield>
    <subfield code="w">2019-10-03</subfield>
    <subfield code="y">ANS</subfield>
  </datafield>
  <datafield tag="952" ind1=" " ind2=" ">
    <subfield code="0">0</subfield>
    <subfield code="1">0</subfield>
    <subfield code="2">ddc</subfield>
    <subfield code="4">0</subfield>
    <subfield code="6">DAN_ANS_2018_000000000000000_B_468_OR_1</subfield>
    <subfield code="7">0</subfield>
    <subfield code="9">81885</subfield>
    <subfield code="a">LBA</subfield>
    <subfield code="b">LBA</subfield>
    <subfield code="d">2019-10-03</subfield>
    <subfield code="o">DAN ANS 2018 B.468.Or.1</subfield>
    <subfield code="r">2019-10-03</subfield>
    <subfield code="w">2019-10-03</subfield>
    <subfield code="y">ANS</subfield>
  </datafield>
  <datafield tag="952" ind1=" " ind2=" ">
    <subfield code="0">0</subfield>
    <subfield code="1">0</subfield>
    <subfield code="2">ddc</subfield>
    <subfield code="4">0</subfield>
    <subfield code="6">DAN_ANS_2018_000000000000000_B_468_OR_1</subfield>
    <subfield code="7">0</subfield>
    <subfield code="9">81886</subfield>
    <subfield code="a">LBA</subfield>
    <subfield code="b">LBA</subfield>
    <subfield code="d">2019-10-03</subfield>
    <subfield code="o">DAN ANS 2018 B.468.Or.1</subfield>
    <subfield code="r">2019-10-03</subfield>
    <subfield code="w">2019-10-03</subfield>
    <subfield code="y">ANS</subfield>
  </datafield>
  <datafield tag="952" ind1=" " ind2=" ">
    <subfield code="0">0</subfield>
    <subfield code="1">0</subfield>
    <subfield code="2">ddc</subfield>
    <subfield code="4">0</subfield>
    <subfield code="6">DAN_ANS_2018_000000000000000_B_468_OR_1</subfield>
    <subfield code="7">0</subfield>
    <subfield code="9">81887</subfield>
    <subfield code="a">LBA</subfield>
    <subfield code="b">LBA</subfield>
    <subfield code="d">2019-10-03</subfield>
    <subfield code="o">DAN ANS 2018 B.468.Or.1</subfield>
    <subfield code="r">2019-10-03</subfield>
    <subfield code="w">2019-10-03</subfield>
    <subfield code="y">ANS</subfield>
  </datafield>
  <datafield tag="952" ind1=" " ind2=" ">
    <subfield code="0">0</subfield>
    <subfield code="1">0</subfield>
    <subfield code="2">ddc</subfield>
    <subfield code="4">0</subfield>
    <subfield code="6">DAN_ANS_2018_000000000000000_B_468_OR_1</subfield>
    <subfield code="7">0</subfield>
    <subfield code="9">81888</subfield>
    <subfield code="a">LBA</subfield>
    <subfield code="b">LBA</subfield>
    <subfield code="d">2019-10-03</subfield>
    <subfield code="o">DAN ANS 2018 B.468.Or.1</subfield>
    <subfield code="r">2019-10-03</subfield>
    <subfield code="w">2019-10-03</subfield>
    <subfield code="y">ANS</subfield>
  </datafield>
  <datafield tag="952" ind1=" " ind2=" ">
    <subfield code="0">0</subfield>
    <subfield code="1">0</subfield>
    <subfield code="2">ddc</subfield>
    <subfield code="4">0</subfield>
    <subfield code="6">DAN_ANS_2018_000000000000000_B_468_OR_1</subfield>
    <subfield code="7">0</subfield>
    <subfield code="9">81889</subfield>
    <subfield code="a">LBA</subfield>
    <subfield code="b">LBA</subfield>
    <subfield code="d">2019-10-03</subfield>
    <subfield code="o">DAN ANS 2018 B.468.Or.1</subfield>
    <subfield code="r">2019-10-03</subfield>
    <subfield code="w">2019-10-03</subfield>
    <subfield code="y">ANS</subfield>
  </datafield>
  <datafield tag="952" ind1=" " ind2=" ">
    <subfield code="0">0</subfield>
    <subfield code="1">0</subfield>
    <subfield code="2">ddc</subfield>
    <subfield code="4">0</subfield>
    <subfield code="6">DAN_ANS_2018_000000000000000_B_468_OR_1</subfield>
    <subfield code="7">0</subfield>
    <subfield code="9">81890</subfield>
    <subfield code="a">LBA</subfield>
    <subfield code="b">LBA</subfield>
    <subfield code="d">2019-10-03</subfield>
    <subfield code="o">DAN ANS 2018 B.468.Or.1</subfield>
    <subfield code="r">2019-10-03</subfield>
    <subfield code="w">2019-10-03</subfield>
    <subfield code="y">ANS</subfield>
  </datafield>
  <datafield tag="952" ind1=" " ind2=" ">
    <subfield code="0">0</subfield>
    <subfield code="1">0</subfield>
    <subfield code="2">ddc</subfield>
    <subfield code="4">0</subfield>
    <subfield code="6">DAN_ANS_2018_000000000000000_B_468_OR_1</subfield>
    <subfield code="7">0</subfield>
    <subfield code="9">81891</subfield>
    <subfield code="a">LBA</subfield>
    <subfield code="b">LBA</subfield>
    <subfield code="d">2019-10-03</subfield>
    <subfield code="o">DAN ANS 2018 B.468.Or.1</subfield>
    <subfield code="r">2019-10-03</subfield>
    <subfield code="w">2019-10-03</subfield>
    <subfield code="y">ANS</subfield>
  </datafield>
</record>
